Visualizzazione normale
Vista MARC
- Carpin, Attilio,
di Personal Name
Records bibliografici associati: 1
001 - CONTROL NUMBER
- control field: 56818
003 - CONTROL NUMBER IDENTIFIER
- control field:
005 - DATE AND TIME OF LATEST TRANSACTION
- control field: 20180122095900.0
008 - FIXED-LENGTH DATA ELEMENTS
- fixed length control field: 180122|| aca||aabn | a|a d
040 ## - CATALOGING SOURCE
- Original cataloging agency:
- Transcribing agency:
100 ## - HEADING--PERSONAL NAME
- Personal name: Carpin, Attilio,
- Titles and other words associated with a name: o.p.,
- Relator term: tr.
670 ## - SOURCE DATA FOUND
- Source citation: Work cat.: ()0: Cyprianus, Thascius Caecilius, s., fl. ca.200-258. 56811, A Donato ;, 2007.